Phân tích đánh giá đồng thời tổng hàm lượng chì và cadimi trong một số nguồn nước ngầm thuộc địa bàn thành phố Đà Nẵng bằng phương pháp Von - Ampe hòa tan xung vi phân

Tổng quan tài liệu: Khái quát về môi trường nước. Ô nhiễm môi trường nước. Nguồn gốc và dạng tồn tại của các kim loại nặng trong nước. Chì và Cadimi trong môi trường nước...Thực nghiệm.Kết quả và thảo luận.

Sparad:
Bibliografiska uppgifter
Huvudupphovsman: Nguyễn, Thị Hoài Giang (Tác giả)
Övriga upphovsmän: Lê Thị Mùi Th.S (Hướng dẫn)
Materialtyp: Bok
Språk:Vietnamese
Publicerad: Đà Nẵng Đại học Đà Nẵng 2010
Ämnen:
Taggar: Lägg till en tagg
Inga taggar, Lägg till första taggen!
Thư viện lưu trữ: Mạng thư viện Đại học Đà Nẵng
LEADER 01636nam a2200349 4500
001 000012096
003 8383
005 20120215150253.0
008 120215s2010 viesd
041 |a vie 
072 |a Khóa luận tốt nghiệp 
082 |a 628.114  |b NG-G 
100 |a Nguyễn, Thị Hoài Giang  |e Tác giả 
245 |a Phân tích đánh giá đồng thời tổng hàm lượng chì và cadimi trong một số nguồn nước ngầm thuộc địa bàn thành phố Đà Nẵng bằng phương pháp Von - Ampe hòa tan xung vi phân  |c Nguyễn Thị Hoài Giang 
260 |a Đà Nẵng  |b Đại học Đà Nẵng  |c 2010 
300 |a 48 tr.  |c 29 cm 
500 |a Khóa luận tốt nghiệp khoa Hóa. Lớp 06 CHH 
520 |a Tổng quan tài liệu: Khái quát về môi trường nước. Ô nhiễm môi trường nước. Nguồn gốc và dạng tồn tại của các kim loại nặng trong nước. Chì và Cadimi trong môi trường nước...Thực nghiệm.Kết quả và thảo luận. 
653 |a Chì 
653 |a Cadimi 
653 |a Nước ngầm 
700 |a Lê Thị Mùi  |c Th.S  |e Hướng dẫn 
OWN |a LSP 
AVA |a UDN50  |b LSP  |d 628.114 NG-G  |e available  |t Error 5001 Not defined in file expand_doc_bib_avail.  |f 1  |g 0  |h N  |i 0  |k 1 
999 |a From the UDN01 
AVA |a UDN50  |b LSP  |d 628.114 NG-G  |e available  |t Error 5001 Not defined in file expand_doc_bib_avail.  |f 1  |g 0  |h N  |i 0  |k 1 
TYP |a Monograph 
TYP |a Printed language 
980 |a Mạng thư viện Đại học Đà Nẵng